|
|
|
|
| LEADER |
00822nab a2200229 i 4500 |
| 001 |
acta74224 |
| 005 |
20250625084947.0 |
| 008 |
220125s2021 hu o 000 eng d |
| 022 |
|
|
|a 2064-5929
|
| 024 |
7 |
|
|a 10.14232/belv.2021.4.9
|2 doi
|
| 040 |
|
|
|a SZTE Egyetemi Kiadványok Repozitórium
|b hun
|
| 041 |
|
|
|a eng
|
| 100 |
1 |
|
|a Kádár Zoltán
|
| 245 |
1 |
0 |
|a History of sociology that focuses more on the background than usual
|h [elektronikus dokumentum] /
|c Kádár Zoltán
|
| 260 |
|
|
|a Belvedere Meridionale
|b Szeged
|c 2021
|
| 300 |
|
|
|a 119-122
|
| 490 |
0 |
|
|a Belvedere Meridionale
|v 33 No. 4
|
| 650 |
|
4 |
|a Társadalomtudományok
|
| 650 |
|
4 |
|a Szociológia
|
| 695 |
|
|
|a Szociológia - könyvismertetés
|
| 700 |
0 |
1 |
|a Karády Viktor
|
| 856 |
4 |
0 |
|u http://acta.bibl.u-szeged.hu/74224/1/belvedere_2021_004_119-122.pdf
|z Dokumentum-elérés
|